|
|
|
|
| LEADER |
00749nam a22002172a 4500 |
| 001 |
001266518 |
| 003 |
CZ BrMZK |
| 005 |
20121121122917.0 |
| 007 |
ta |
| 008 |
121121s1972 gw er|||||||||||ger d |
| 040 |
|
|
|a BOA001
|b cze
|
| 100 |
1 |
|
|a Schmidt, Lothar
|4 dis
|
| 245 |
1 |
0 |
|a Energieverluste von 37 keV-Elektronen an den festen Edelgasen Ne, Ar, Kr, Xe und festem Wasserstoff /
|c Lothar Schmidt
|
| 260 |
|
|
|a Berlin :
|b L. Schmidt,
|c 1972
|
| 300 |
|
|
|a 86 s.
|
| 502 |
|
|
|a Disertace--Technische Hochschule Berlin, 1972
|
| 710 |
2 |
|
|a Technische Hochschule Berlin
|7 ko2006332816
|
| 910 |
|
|
|a BOA001
|b 2-0704.680
|
| 990 |
|
|
|a BK
|
| 991 |
|
|
|b 201211
|
| 996 |
7 |
|
|b 2619663020
|c 2-0704.680
|l Sklad H1
|r Sklad / do 24 hodin
|n 0
|h HS212
|w 001300654
|u 000010
|a 1
|e BOA001
|j MZK50
|s A
|